000 00289nam a22001337a 4500
008 181221b xxu||||| |||| 00| 0 eng d
020 _a0534609589
041 _aeng
080 _a316
100 _a50
101 _aSOC
245 _aSociology in our Times
_cKendall, D
942 _2udc
_cBK
999 _c53684
_d53684